000 00724aam a2200277 4500
005 20250922161440.0
008 150507b2009 xxu||||| |||| 00| 0 spa d
020 _a9789977653143
041 _aESP
082 _a363.25 A184p
100 _aAcuña Ortega, Daniel
_937311
100 _aAlfaro Arias, Marvín
_937312
245 _aPlanimetría forense
260 _aCosta Rica
260 _bEUNA
260 _c2009
300 _a80 páginas
490 _aInvestigación Criminal
650 _aINVESTIGACIÓN CRIMINAL
650 _aPLANIMETRÍA FORENSE
650 _aPRUEBA INDICIARIA
650 _aTIPO DE LEVANTAMIENTO
650 _aSITIO DEL SUCESO
650 _aELABORACIÓN DE PLANOS
942 _cBK
_2ddc
999 _c5212
_d5212